Tổ chức cho học sinh tiểu học vui chơi giữa buổi học Sách hướng dẫn các trường tiểu học tổ chức cho học sinh vui chơi giữa buổi học

Guardat en:
Dades bibliogràfiques
Autor principal: Trần Đông Lâm (Chủ biên)
Altres autors: Trần Đình Thuận, Vũ Thị Ngọc Thư
Format: Llibre
Publicat: H. Giáo dục 2002
Matèries:
Etiquetes: Afegir etiqueta
Sense etiquetes, Sigues el primer a etiquetar aquest registre!
Thư viện lưu trữ: Trung tâm Học liệu Lê Vũ Hùng, Trường Đại học Đồng Tháp
LEADER 01304pam a22002778a 4500
001 00022359
005 20171026081022.0
008 110530s2002 ||||||Viesd
020 |c 4100 
041 0 # |a Vie 
082 1 4 |a 372.1  |b T450CH 
100 0 # |a Trần Đông Lâm  |e Chủ biên 
245 0 0 |b Sách hướng dẫn các trường tiểu học tổ chức cho học sinh vui chơi giữa buổi học  |c Trần Đông Lâm; Trần Đình Thuận, Vũ Thị Ngọc Thư  |a Tổ chức cho học sinh tiểu học vui chơi giữa buổi học 
260 # # |a H.  |b Giáo dục  |c 2002 
300 # # |a 80 tr.  |c 21 cm. 
653 # # |a Hoạt động 
653 # # |a Học sinh tiểu học 
653 # # |a Vui chơi 
700 0 # |a Trần Đình Thuận 
700 0 # |a Vũ Thị Ngọc Thư 
852 # # |b Kho giáo trình  |j KGT.0018967, KGT.0018968, KGT.0018969, KGT.0018970, KGT.0018971, KGT.0018972, KGT.0018973, KGT.0018974 
852 # # |b Kho mượn  |j KGT.0018967 
852 # # |b Kho đọc  |j KD.0009070 
852 # # |j KGT.0018967  |j KGT.0018968  |j KGT.0018969  |j KGT.0018970  |j KGT.0018972  |j KGT.0018974  |j KD.0009070  |j KGT.0018971  |j KGT.0018973 
910 0 # |a Đức  |d 30/05/2011 
980 # # |a Trung tâm Học liệu Lê Vũ Hùng, Trường Đại học Đồng Tháp